000 00809nam0a22002531 4500
001 rc\708681
005 20250621220858.0
035 _a(NLR Aleph) 005943967
090 _a6708705
_c6708705
100 _a20031121d1985 |||y0rusy50 ca
101 0 _arus
102 _aRU
105 _ay |||||||||
200 1 _aУстойчивые словосочетания в современном японском языке
210 _aМ.
_cМГУ
_d1985
215 _a64 с.
_d21
320 _aБиблиогр.: с. 62-63
700 1 _7ca
_8rus
_aБыкова
_bС. А.
_cканд. филол. наук
_f1944-
_gСтелла Артемьевна
_9233423
_3RU\NLR\AUTH\770233479
801 0 _aRU
_bNLR
_gpsbo
801 1 _aRU
_bELAR
_2rusmarc
852 _aNLR
_j85-6/3353
942 _cBOOK
980 _aNB